000 00689nam a2200217 a 4500
005 20250108063739.0
008 010507s2004 ag r 000 0 spa d
020 _a9508921919
035 _aUPN01000107121
049 _aCG
050 4 _aLB3013.3
_bC6.5
245 0 0 _aConvivencia escolar :
_bensayos y experiencias /
_cHoracio Maldonado ... [ et al. ].
260 _aBuenos Aires :
_bLugar,
_cc2004.
300 _a190 p. :
_bil., cuadros
650 4 _aViolencia escolar
_96675
650 2 _aSocialización
_97257
650 4 _aAnálisis del proceso de interacción en educación
_9270
650 4 _aCONDUCTA ESTUDIANTIL
_99301
700 1 _aMaldonado, Horacio,
_ecoaut.
905 _aLibro
999 _c81033
_d81033